Responses for Show #1661 - Monday, November 18, 1991

Missing introductions and prizes.

Contestants

[<< previous game]

Andrea Diamond, a legal secretary from

Greg Whimpey, a geophysical analyst from San Antonio, Texas

John McGill, an electrical lineman from Wallingford, Pennsylvania (whose 1-day cash winnings total $2,200)

[next game &gt;&gt;]

Jeopardy! Round responses

IN THE NEWS
SCI-FI TV
POETS & POETRY
FOOD & DRINK
ADVERTISING JINGLES
"EX" MARKS THE SPOT
(Alex: Those two letters of the alphabet will appear in all of the correct responses.)
    $100 4
(John: What are worms?)

jellyfish

JohnGreg
    $100 3
the Enterprise

John
    $100 19
George Washington

Andrea
    $100 1
cranberries

John
    $100 9
Coca-Cola

Andrea
    $200 12
dinosaur

John
    $200 5
Buck Rogers

John
    $200 20
a whimper

John
    $200 2
rum

Greg
    $200 10
Chicken of the Sea

Greg
    $300 13
a VCR

John
    $300 11
Doctor Who

John
    $300 21
calico

John
    $300 6
pudding

John
    $300 16
Burger King

Greg
    $300 24
an expose

Andrea
    $400 14
Mao Tse-Tung

John
    $400 27
Lorne Greene

Greg
    $400 22
snow

Andrea
    $400 7
Java

John
    $400 17
Texaco

Greg
    $400 25
(Andrea: What is the exostructure?)

exoskeleton

JohnAndrea
    $500 15
a patent

John
    $500 28
(John: What is The Twilight Zone?)
[The end-of-round signal sounds.]

The Outer Limits

JohnGreg
    $600 23
(Andrea: I'll go for $1,000.)
(Alex: Well, you can't. You have but $600.)
(Andrea: Oh, $600, that's okay. I'll go for $600.)
(Alex: But it's an interesting new approach to our game.)
(Andrea: I was looking at the wrong.)
...
(Andrea: I'm sorry, I don't know.)
(Alex: Oh, who is [*]. [*]. You thought of it and you dismissed it. That's too bad. Select again, we've got less than a minute to go.)

Emily Dickinson

Andrea
    $500 8
milk fat (or butter fat)

John
    $500 18
Kodak

John
    $500 26
the exchequer

Greg

Scores at the first commercial break (after clue 14):

John Greg Andrea
$2,700 $500 $100

Scores at the end of the Jeopardy! Round:

John Greg Andrea
$4,100 $2,600 -$100

Double Jeopardy! Round responses

AMERICAN HISTORY
BIRD ORIGINS
DANCERS
WORLD "K"APITALS
BIRTHPLACES
THE RING CYCLE
    $200 2
the Declaration of Independence

John
    $200 26
teeth

John
    $200 1
Fred Astaire

John
    $200 7
Kingston

John
    $200 16
Edward G. Robinson

Andrea
    $200 28
German

Andrea
    $400 3
Lafayette

John
    $400 22
(John: What is the ostrich?)

the emu

JohnAndrea
    $400 30
Sammy Davis, Jr.

John
    $400 8
Kuwait City

John
    $400 15
New York

Greg
    $400 21
the Rhine

Greg
    $600 4
the Stamp Act

Greg
    $600 20
Harz Mountains

Andrea
    $600 27
Billy the Kid

John
    $600 9
Kabul

John
    $600 14
Worcestershire

John
    $600 29
Siegfried

Greg
    $800 5
Lebanon

John
    $800 19
South America

Greg
    $1,000 12
Alvin Ailey

Andrea
    $800 10
Kathmandu

Andrea
    $800 17
Antwerp

John
    $800 24
Brunhilde

Greg
    $1000 6
New Hampshire

John
    $1000 25
Hawaii

Greg
    $1000 13
(Greg: Who is Pavlova?)

Moira Shearer

Greg
Triple Stumper
    $1000 11
Khartoum

Andrea
    $4,000 18
(John: Orleans. What is Orleans?)
(Alex: No, sorry. She was the Maid of Orleans, but she was burned at the stake in the city of [*], [*] in France.)

Rouen

John
    $1000 23
(Andrea: What is Göttundämmerung?)
(Alex: [*], [**], with a minute to go.)

Götterdämmerung (Twilight of the Gods)

Andrea

Scores at the end of the Double Jeopardy! Round:

John Greg Andrea
$6,100 $6,200 $5,100

[wagering suggestions for these scores]

Final Jeopardy! Round responses

LITERARY SETTINGS
AndreaWhat is ☺ Sleepy Hollow?
$5,100
JohnWhat is Sleepy Hollow
$6,000
GregWhat is Brigadoon?
$6,001
Sleepy Hollow

Final scores:

John Greg Andrea
$12,100 $199 $10,200
2-day champion: $14,300 3rd place 2nd place

Game dynamics:

Coryat scores:

John Greg Andrea
$10,100 $6,200 $5,500
28 R,
4 W
(including 1 DD)
15 R,
1 W
12 R
(including 1 DD),
2 W
(including 1 DD)

Combined Coryat: $21,800

[game clues] [game scores] [suggest correction]

Game tape date: 1991-09-11
The J! Archive is created by fans, for fans. Scraping, republication, monetization, and malicious use prohibited; this site may use cookies and collect identifying information. See terms. The Jeopardy! game show and all elements thereof, including but not limited to copyright and trademark thereto, are the property of Jeopardy Productions, Inc. and are protected under law. This website is not affiliated with, sponsored by, or operated by Jeopardy Productions, Inc. Join the discussion at JBoard.tv.